00650cam a2200181 a 4500020001500000040000800015082002600023100002200049245008600071250001400157260004600171300005300217500011100270500002200381650001700403700002600420700002200446 a0321022947 cDLC00a510 ADD 1999 A060 Co.1 aLial, Margaret L.10aMathematics with applications :bin the management, natural, and social sciences. a7th ed. / aReading, Mass. :bAddison-Wesley,cc1999. axv, 804, 38, 22 p. :bill. (some col.) ;c26 cm. aRev. ed. of: Mathematics with applications in the management, natural, and social sciences. 6th ed. c1996. aIncludes indexes. 0aMathematics.1 aHungerford, Thomas W.1 aLial, Margaret L.